000
00212nam a22000857a 4500
008
160720b xxu||||| |||| 00| 0 eng d
100
_9
3069
_a
Egmont
245
_a
The Broken Ear
_b
Tin Tin
260
_a
USA
_b
Macmillan
_c
2009
999
_c
2632
_d
2632